| 000 | 00327nam a2200121Ia 4500 | ||
|---|---|---|---|
| 008 | 230907s9999||||xx |||||||||||||| ||und|| | ||
| 082 |
_a621.433 _bLEF |
||
| 100 |
_aLefebvre, Arthur H. _9115757 |
||
| 245 | 0 | _aGas turbine combustion : | |
| 260 |
_aTaylor & Francis, _bBoca Raton : _c2010 |
||
| 300 | _axix, 537 p. : | ||
| 942 | _cBK | ||
| 999 |
_c599603 _d599603 |
||